Die Teilungsurkunde der Herrschaften Mittelwalde und Schmallenstein vom Jahre 1358

Titel: Die Teilungsurkunde der Herrschaften Mittelwalde und Schmallenstein vom Jahre 1358
Verfasser:
In: Grofschoaftersch Häämtebärnla, Band 43 (1991), Seite 164-166
alle Artikel anzeigen
Veröffentlicht: 1991
Format: Aufsatz
Sprache: Deutsch
Kein Bild verfügbar
X
alg: 39453367
001A    $01999:12-11-16 
001B    $01999:01-06-17 $t17:52:05.000 
001D    $01999:12-11-16 
001U    $0utf8 
001X    $00 
002@    $0Aox 
003@    $0394533674 
007A    $0394533674 $aHEB 
007T    $0Herdww016973 
010@    $ager 
011@    $a1991 
021A    $aDie @Teilungsurkunde der Herrschaften Mittelwalde und Schmallenstein vom Jahre 1358 
028A    $aNentwig $dAdolf 
031A    $d43 $h164-166 $j1991 
039B    $aIn $8--Abvc--. Grofschoaftersch Häämtebärnla. - Lüdenscheid : Zentralstelle Grafschaft Glatz/Schlesien e.V., 1956-[2019] $x199100000430000836 $9047864346 
045T    $a7,41 $a8,1 

lok: 39453367 78

exp: 39453367 78 1 #EPN
201B/01 $010-12-19 $t22:49:06.000 
201U/01 $0utf8 
203@/01 $079064410X 
208@/01 $a12-11-16 $be 
209A/01 $a/ $f000 $x00 
220C/01 $aTitelaufnehmer: MP 
220C/01 $aHerkunft: IH UWr 
244Z/01 $2Trx $#Silesia $#Śląsk $#Sliezsko $#Slezsko $8--Trx--Schlesien $x01 $9391173987 
244Z/01 $#Mittelwalde $#Mittelwalde i. Schlesien $74386032-1 $8--Tg1--Mie̜dzylesie $x02 $9088431606 
244Z/01 $aGeschichte 1358 $x03 
244Z/01 $2Trx $#allikmaterjalide teadus $#šaltiniotyra $#Study of historical sources $#forrástudomány $#źródłoznawstwo $#náuka o prameňoch $#nauka o pramenech $#study of historical documents $8--Trx--Quellenkunde $x04 $939136720X 
244Z/01 $2Trx $8--Trx--Zeitschriftenaufsatz $x05 $9391384341 
247C/01 $82080>Marburg/Lahn, Herder-Institut, Forschungsbibliothek, Bibliographieportal $9336309341
LEADER 00000caa a22000002c 4500
001 394533674
003 DE-603
005 20170601175205.0
007 tu
008 161112s1991 xx |||| | u00||u|ger c
035 |a (DE-599)HEB394533674 
040 |a DE-603  |b ger  |c DE-603  |d DE-603 
041 |a ger 
084 |a 7,41  |a 8,1  |2 ssgn 
100 1 |a Nentwig, Adolf 
245 0 0 |a ˜Dieœ Teilungsurkunde der Herrschaften Mittelwalde und Schmallenstein vom Jahre 1358 
264 0 |c 1991 
773 0 8 |i In  |t Grofschoaftersch Häämtebärnla  |d Lüdenscheid : Zentralstelle Grafschaft Glatz/Schlesien e.V., 1956-[2019]  |g Band 43 (1991), Seite 164-166  |w (DE-603)047864346  |w (DE-600)558553-3 
924 0 |9 2080  |a (DE-603)79064410X  |b DE-2080  |c HES  |d d  |g /